书目信息 |
| 题名: |
中国古建筑文化之旅·山东
|
|
| 作者: | 张润武 , 张潍 著 | |
| 分册: | ||
| 出版信息: | 北京 知识产权出版社 2002.05 |
|
| 页数: | 133页 | |
| 开本: | 19×21cm | |
| 丛书名: | ||
| 单 册: | ||
| 中图分类: | TU , TU--092 | |
| 科图分类: | ||
| 主题词: | 建筑学 | |
| 电子资源: | ||
| ISBN: | 7-80011-676-X | |
| 000 | 00623nam0 2200205 45 | |
| 001 | 0338959185 | |
| 005 | 2003032910491782 | |
| 010 | @a7-80011-676-X@dRMB 18.00 | |
| 100 | @a20030329d2002 km y0chiy0120 ea | |
| 101 | 0 | @achi |
| 200 | 1 | @a中国古建筑文化之旅·山东@Azhong guo gu jian zhu wen hua zhi lu·shan dong@f张润武,张潍著@Fzhang run wu,zhang wei zhu |
| 210 | @a北京@c知识产权出版社@d2002.05 | |
| 215 | @a133页@d19×21cm | |
| 606 | 0 | @a建筑学 |
| 690 | @aTU@v3 | |
| 690 | @aTU--092@v4 | |
| 701 | 0 | @a张润武@Azhang run wu@4著 |
| 701 | 0 | @a张潍@Azhang wei@4著 |
| 801 | 0 | @aCN@bPFT@c20030329 |
| 905 | @a10447@dTU--092@eZ150 | |
| 中国古建筑文化之旅·山东/张润武,张潍著.-北京:知识产权出版社,2002.05 |
| 133页;19×21cm |
| ISBN 7-80011-676-X:RMB 18.00 |
| ● |
| 相关链接 |
|
|
|
正题名:中国古建筑文化之旅·山东
索取号:TU--092/Z150
 
预约/预借
| 序号 | 登录号 | 条形码 | 馆藏地/架位号 | 状态 | 备注 |
| 1 | 367327 | 203673275 | 自科二线404/101建筑库 101排6列2层/ [索取号:TU--092/Z150] | 在馆 | |
| 2 | 367328 | 203673284 | 建筑库101/101建筑库 6排1列4层/ [索取号:TU--092/Z150] | 在馆 |